书目信息 |
| 题名: |
华尔街战争
|
|
| 作者: | 罗慰年 , 吴垠 著 | |
| 分册: | ||
| 出版信息: | 北京 中国纺织出版社 2008 |
|
| 页数: | 11,204页 | |
| 开本: | 24cm | |
| 丛书名: | ||
| 单 册: | ||
| 中图分类: | F837.125.9 | |
| 科图分类: | ||
| 主题词: | 金融危机--研究--美国 , 金融危机 | |
| 电子资源: | ||
| ISBN: | 978-7-5064-5093-5 | |
| 000 | 01181nam0 2200277 45 | |
| 001 | 1034534386 | |
| 005 | 20100319083743.29 | |
| 010 | @a978-7-5064-5093-5@dCNY28.00 | |
| 100 | @a20100312d2008 em y0chiy50 ea | |
| 101 | 0 | @achi |
| 102 | @aCN@b110000 | |
| 105 | @ay z 000yy | |
| 106 | @ar | |
| 200 | 1 | @a华尔街战争@AHua Er Jie Zhan Zheng@dWall Street at war@e来自海内外独立观察者为你解析华尔街崩盘的基因@ELai Zi Hai Nei Wai Du Li Guan Cha Zhe Wei Ni Jie Xi Hua Er Jie Beng Pan De Ji Yin@f(美)罗慰年,吴垠著@F( Mei ) Luo Wei Nian, Wu Yin Zhu@zeng |
| 210 | @a北京@c中国纺织出版社@d2008 | |
| 215 | @a11,204页@c图@d24cm | |
| 330 | @a本书站在金融中心纽约,以最客观的立场、以最新颖的数据、以最独特的视角,非官方解读,告诉你一个真实的华尔街。 | |
| 510 | 1 | @aWall Street at war@zeng |
| 517 | 1 | @a来自海内外独立观察者为你解析华尔街崩盘的基因@ALai Zi Hai Nei Wai Du Li Guan Cha Zhe Wei Ni Jie Xi Hua Er Jie Beng Pan De Ji Yin |
| 606 | 0 | @a金融危机@x研究@y美国 |
| 606 | 0 | @a金融危机 |
| 690 | @aF837.125.9@v4 | |
| 701 | 1 | @a罗慰年@ALuo Wei Nian@g(Luo, William)@4著 |
| 701 | 0 | @a吴垠@AWu Yin@4著 |
| 801 | 0 | @aCN@bTANGWEI@c20100319 |
| 905 | @b0586040-42@dF837.125.9@e19@f3 | |
| 华尔街战争=Wall Street at war:来自海内外独立观察者为你解析华尔街崩盘的基因/(美)罗慰年,吴垠著.-北京:中国纺织出版社,2008 |
| 11,204页:图;24cm |
| ISBN 978-7-5064-5093-5:CNY28.00 |
| 本书站在金融中心纽约,以最客观的立场、以最新颖的数据、以最独特的视角,非官方解读,告诉你一个真实的华尔街。 |
| ● |
| 相关链接 |
|
|
|
|
正题名:华尔街战争
索取号:F837.125.9/19
 
预约/预借
| 序号 | 登录号 | 条形码 | 馆藏地/架位号 | 状态 | 备注 |
| 1 | 0586040 | 205860406 | 第一样本阅览室/ [索取号:F837.125.9/19] | 在馆 | |
| 2 | 0586041 | 205860415 | 第一借阅区/ [索取号:F837.125.9/19] | 在馆 | |
| 3 | 0586042 | 205860424 | 密集书库-海洋学院/ [索取号:F837.125.9/19] | 在馆 |